000 00699nam a2200205Ia 4500
001 696
003 GE_BSU
008 181216s||||||||xx |||||||||||||| ||und||
040 _cGE_BSU
080 _a821.353.1.09821.22.09
100 _aმამაცაშვილი,მ.
245 _aგორგანის "ვის ო რამინ" და ქართული ვისრამიანი
260 _aთბილისი
260 _bმეცნიერება
260 _c1977
300 _a260გვ.
541 _h8ლ.
653 _aგორგანის "ვის ო რამინ" და ქართული ვისრამიანი
942 _cBK
999 _c34876
_d34876